Movies Quiz

Random Movies or Director Quiz

Quick Pick: Best Director by Picture (1995-2004) Quiz Stats

 Plays Quiz not verified by Sporcle

Score 0/10 Timer 01:00
0 Plays Today
% Correct
Braveheart
98.7%
Million Dollar Baby
97.1%
Titanic
96.8%
The Lord of the Rings: Return of the King
96.1%
Saving Private Ryan
95.2%
A Beautiful Mind
90.7%
American Beauty
89.1%
The English Patient
89.1%
The Pianist
87.5%
Traffic
85.2%

You're not logged in!

Compare scores with friends on all Sporcle quizzes.
Join for Free
OR
Log In

You Might Also Like...

Show Comments

Extras

Top Quizzes Today


Score Distribution

Your Account Isn't Verified!

In order to create a playlist on Sporcle, you need to verify the email address you used during registration. Go to your Sporcle Settings to finish the process.

Report this User

Report this user for behavior that violates our Community Guidelines.

Details: